000
00274nam a22001217a 4500
008
170424b xxu||||| |||| 00| 0 eng d
041
_a
eng
080
_a
546
100
_a
12
101
_a
SHM
245
_a
INORGANIC THERMOGRAVIMETRIC ANALYSIS
_c
DUVAL, C
942
_2
udc
_c
BK
999
_c
11737
_d
11737